<The> Roots and Problems of a WMD-free Zone in the Middle East Region. The Issues of Disaster Management

Salvato in:
Dettagli Bibliografici
Autore principale: Adašková, Daša
Altri autori: Kazanský, Rastislav, Pántya, Péter
Natura: Capitolo di libro
Lingua:inglese
Soggetti:
Tags: Aggiungi Tag
Nessun Tag, puoi essere il primo ad aggiungerne!!

MARC

LEADER 00000naa a2200000 4500
001 0198868
005 20240502083505.5
041 0 |a eng 
044 |a HU 
245 1 0 |a <The> Roots and Problems of a WMD-free Zone in the Middle East Region. The Issues of Disaster Management  |c Daša Adašková, Rastislav Kazanský, Péter Pántya 
610 2 0 |a bezpečnosť 
610 2 0 |a politika medzinárodná 
610 2 0 |a zbrane 
610 2 0 |a odzbrojenie 
610 2 0 |a manažment krízový 
610 2 0 |a Blízky východ 
610 2 0 |a Egypt 
610 2 0 |a Líbya 
610 2 0 |a Irak 
610 2 0 |a Sýria 
100 1 |a Adašková, Daša 
700 1 |a Kazanský, Rastislav 
700 1 |a Pántya, Péter